000 00344nam a2200157Ia 4500
008 210210b1951 xxu||||| |||| 00| 0 eng d
041 _aeng
082 _a828/233
100 _aFREEMAN (W)
245 _aOliver Goldsmith
260 _aLondon
_b-
_c1951
650 _aOliver
650 _aGoldsmith
690 _aBiography
906 _a016078
999 _c135468
_d135468